Errate den Songtext ohne das Lied zu kennen #12 - Statistiken

Allgemein
  • Dieses Quiz wurde 949 mal gespielt
  • Das Durchschnittsergebnis liegt bei 74 aus 216
Antwortstatistiken
Antwort % Korrekt
Ich
96%
sie
87%
Sie
87%
er
86%
Er
86%
da
85%
wir
79%
das
78%
Das
78%
der
78%
Der
78%
Die
76%
die
76%
Und
72%
und
72%
den
63%
ihr
62%
ist
61%
ein
60%
so
54%
nicht
49%
kann
48%
was
48%
auf
46%
ab
45%
im
44%
Im
44%
von
43%
Dann
41%
Sein
40%
All
39%
Wenn
38%
einen
37%
mir
37%
Mir
37%
am
35%
denn
34%
hat
34%
meine
34%
Mich
33%
Erde
32%
Man
32%
man
32%
Doch
30%
ja
29%
noch
29%
losgelöst
28%
Raumschiff
28%
steht
28%
völlig
28%
Völlig
28%
Schwebt
27%
schwebt
27%
hier
26%
schon
26%
schwerelos
26%
-alles
25%
Alles
25%
Frau!
25%
wird
25%
hebt
24%
können
24%
Macht
24%
um
24%
durch
23%
Major
23%
nichts
23%
sich
23%
Sich
23%
Tom
23%
Tom,
23%
komme
22%
Woll'en
21%
seit
20%
läuft
18%
wartet
18%
weiß
18%
Start
17%
Countdown
15%
hören
15%
hör'en
15%
klar!
15%
paar
15%
Scherz
15%
Fragen
14%
"Hallo
14%
weiter
14%
denkt
13%
Jeder
13%
kalt
13%
Stunden
13%
Ende,
12%
bald
11%
Crew
11%
Gründlich
11%
blau
10%
Erdanziehungskraft
10%
kommt
10%
perfekt,
10%
Daten
9%
Experimente
9%
Experten
9%
gar
9%
genau,
9%
"Grüßt
9%
Licht
9%
streiten
9%
überwunden
9%
Unten
9%
Wissenschaftliche
9%
ander'n
8%
kennt
8%
Stress
8%
verlässt
8%
zerstören?"
8%
bestimmt
7%
blind
7%
Effektivität
7%
Funk
7%
Handeln
7%
nützen
7%
Projekt
7%
verstummt
7%
wüssten
7%
abhängt
6%
Kapsel,
6%
Kontrollzentrum,
6%
Kurs
6%
letzter
6%
panisch
6%
stimmt
6%
Egoisten
5%
führt
5%
ihnen
5%
schimmert
5%
trauerten
5%
durchgescheckt
3%
Keine übereinstimmenden Quizze gefunden
Verteilung der Resultate
Anzahl Personen mit jedem Resultat
Perzentil nach korrekt beantworteten Fragen
Ihre Resultats-Entwicklung
Sie haben dieses Quiz noch nicht gespielt